King, country and war: Ideology, memory and written Indian history, c.1600-1900 (Record no. 394633)

MARC details
000 -LEADER
fixed length control field 00547 a2200193 4500
005 - DATE & TIME
control field 20260128103909.0
008 - FIXED-LENGTH DATA ELEMENTS--GENERAL INFORMATION
fixed length control field 260127b |||||||| |||| 00| 0 eng d
020 ## - ISBN
International Standard Book Number 9789366274782
Price Rs. 1450.00
040 ## - CATALOGING SOURCE
Original cataloging agency VIVEKANANDA LIBRARY
082 ## - DDC NUMBER
Classification number 954.03
Book Number D459K
100 ## - MAIN ENTRY--PERSONAL NAME
Personal name Deshpande, Anirudh
245 ## - TITLE STATEMENT
Title King, country and war: Ideology, memory and written Indian history, c.1600-1900
260 ## - PUBLICATION, DISTRIBUTION, ETC. (IMPRINT)
Name of publisher, distributor, etc Primus Books
Date of publication, distribution, etc 2025
Place of publication, distribution, etc Delhi
300 ## - PHYSICAL DESCRIPTION
Pages xxviii, 248
650 ## - Subject
Subject History
650 ## - Subject
Subject India-History
650 ## - Subject
Subject Early Modern India
942 ## - ADDED ENTRY ELEMENTS (KOHA)
Koha item type Books
Holdings
Withdrawn status Lost status Source of classification or shelving scheme Damaged status Not for loan Location (home branch) Sublocation or collection (holding branch) Shelving location Date acquired Koha issues (times borrowed) Koha full call number Accession No. Koha date last seen Koha item type
    Dewey Decimal Classification     VIVEKANANDA LIBRARY VIVEKANANDA LIBRARY Vivekananda Library 17/12/2025   954.03 D459K 443721 17/12/2025 Books
© Designed and Maintained by Vivekananda Library, MDU Rohtak